Practical hydraulics

Gespeichert in:
Bibliographische Detailangaben
1. Verfasser: Simon, Andrew L (VerfasserIn)
Format: Buch
Sprache:Englisch
Veröffentlicht: Nueva York John Wiley 1981
Ausgabe:2a. ed
Schlagworte:
Tags: Tag hinzufügen
Keine Tags, Fügen Sie den ersten Tag hinzu!

MARC

LEADER 00000nam a2200000 a 4500
001 UCY2709
003 CL-VaPUC
008 941111e19810000US |||||||||||||||||eng|d
082 0 4 |a 627.042  |b SIM  |2 21 
100 0 |a Simon, Andrew L  |e author  |9 330784 
245 1 0 |a Practical hydraulics 
250 |a 2a. ed 
300 |a 403 p 
942 |c BK 
945 |d 19941111 00:00:00  |a mfernand 
260 |a Nueva York  |b John Wiley  |c 1981 
650 0 |a Hidráulica   |9 260193 
583 |a last modification  |c 19941111 00:00:00  |k Rodrigo Vera 
999 |c 231047  |d 231045 
952 |0 0  |1 0  |2 ddc  |4 0  |6 627_042000000000000_SIM_1981  |7 0  |8 CCM  |9 233832  |a BIBCUR  |b BIBCUR  |c PAC  |d 2019-11-15  |i 3032256  |o 627.042 SIM 1981  |p 3032256  |r 2025-04-22  |w 2019-11-15  |y BK  |k CIM